000
00309nam a22001337a 4500
003
SGT
020
_a
81-921297-3-X
082
_a
651
_b
BIS
100
_a
BISWAS, SANDIPAN
245
_a
FUNDAMENTALS OF LODGING AND FOOD SERVICE INDIA
260
_a
DELHI
_b
NAMAN PUB.
_c
2012
300
_a
312
942
_2
ddc
_c
BK
999
_c
21074
_d
21074